Statistics for Healthiest Foods Quiz

Click here to take the quiz!

General Stats

  • This quiz has been taken 24 times
    (13 since last reset)
  • The average score is 7 of 25

Answer Stats

RankAnswer% Correct
9Broccoli
89%
10Carrot
78%
5Dried Tomato
67%
14Onion
56%
7Pea
56%
1Spinach
56%
23Avocado
44%
3Kale
44%
12Potato
44%
13Sweet Potato
44%
18Beet
22%
19Celery
22%
20Eggplant
22%
8Peppers
22%
6Artichoke
11%
17Asparagus
11%
15Squash
11%
4Watercress
11%
25Grapefruit
0%
16Mushroom
0%
2Mustard Green
0%
11Pickle
0%
24Sapote
0%
22Sauerkraut
0%
21Spirulina
0%

Score Distribution

Percentile by Number Answered

Percent of People with Each Score

Your Score History

You have not taken this quiz since the last reset